000
00299nam a22001217a 4500
050
_a
NC 242
_b
.B3
100
_a
Beardsley, Aubrey,
245
_a
Aubrey Beardsley
260
_a
Newyork:
_b
Bonanza books,
_c
1942.
300
_a
372p.
650
_x
Beardsley, Aubrey, 1872-1898
942
_2
lcc
_c
GEN
999
_c
9212
_d
9212